El árbol de los sueños /

Guardado en:
Detalles Bibliográficos
Autor principal: Alonso, Fernando (autor)
Formato: Libro
Idioma:Español
Publicado: Madrid, España : Alfaguara, 1995, c1993
Colección:(Infantil Juvenil. Desde 12 años)
Temas:
Etiquetas: Agrega una etiqueta
Sin etiquetas, Sé el primero en etiquetar este registro!

MARC

LEADER 00000nam^a2200000^a^4500
001 000288122
005 20250521000000.0
009 20260310111858.5
020 |a 84-204-4802-8 
037 |a Acervo ITESO - Biblioteca 
041 |a ESP 
082 |a 808. 899282  |b ALO 
100 |a Alonso, Fernando  |e (autor) 
245 1 3 |a El árbol de los sueños /  |c F. Alonso ; il. de Emilio Urberuaga. 
264 4 |a Madrid, España :  |b Alfaguara,  |c 1995, c1993 
300 |a 124 p. 
336 |a texto  |b txt  |2 rdacontenido 
337 |a sin mediación  |b n  |2 rdamedio 
338 |a volumen  |b nc  |2 rdasoporte 
440 1 |a (Infantil Juvenil.  |p Desde 12 años) 
649 |a XX 
650 |a Novela Española 
650 |a Literatura Infantil -  |z España 
650 |a Literatura Juvenil -  |z España 
650 |a Literatura Española -  |y Siglo XX 
910 |a Fondo General 
920 |a Impresos - Libros 
930 |a Colección General 
940 |a Literatura 
905 |a 101 
901 |a 0500174876  |b IT1  |c LIT  |i 000054  |u 20250521 
902 |a https://opac.biblio.iteso.mx/vufind/Record/000288122